Welcome to the Holygrace Academy Library

Please use search bar below to get started

OXFORD A CENTURY OF NEW WORDS (Record no. 1747)

MARC details
000 -LEADER
fixed length control field 00346nam a22001457a 4500
020 ## - INTERNATIONAL STANDARD BOOK NUMBER
ISBN 9780198070924
082 ## - DEWEY DECIMAL CLASSIFICATION NUMBER
Classification number 030
Item number AYT/O
100 ## - MAIN ENTRY--AUTHOR NAME
Personal name AYTO, JOHN
245 ## - TITLE STATEMENT
Title OXFORD A CENTURY OF NEW WORDS
250 ## - EDITION STATEMENT
Edition statement FIRST INDIAN EDITION
260 ## - PUBLICATION, DISTRIBUTION, ETC. (IMPRINT)
Place of publication DELHI
Name of publisher OXFORD UNIVERSITY PRESS
Year of publication 2011
300 ## - PHYSICAL DESCRIPTION
Number of Pages 230
650 ## - SUBJECT ADDED ENTRY--TOPICAL TERM
Topical Term DICTIONARY
Geographic subdivision INDIA
942 ## - ADDED ENTRY ELEMENTS (KOHA)
Koha item type Books
Holdings
Withdrawn status Lost status Collection code Home library Current library Shelving location Date acquired Source of acquisition Full call number Accession Number Koha item type
    Reference Main Library Main Library SHELF 1-A DICTIONARIES 17/05/2012 purchase 030 AYT/O 03446 Books